000 01974cas a2200553 4500
001 data
005 20260322212109.0
008 data
010 _a 73641734
022 _a0210-3133
_2z
023 0 _a0210-3133
_2z
029 1 _aNLGGC
_b308250109
029 1 _aZWZ
_b03919096X
035 _a(OCoLC)2864500
040 _aDLC
_beng
_cYUS
_dOCLCQ
_dNSD
_dDLC
_dOCL
_dOCLCQ
_dLVB
_dOCLCQ
_dOCLCF
_dOCLCO
_dOCLCQ
_dOCLCO
_dOCLCQ
042 _ansdp
050 0 0 _aBR45
_b.E86
210 0 _aEscr. Vedat
222 0 _aEscritos del Vedat
245 0 0 _aEscritos del Vedat.
260 _aValencia
_bFacultad de Teología de San Vicente Ferrer, Sección PP, Dominicos.
300 _avolumes
_c24 cm
336 _atext
_btxt
_2rdacontent
337 _aunmediated
_bn
_2rdamedia
338 _avolume
_bnc
_2rdacarrier
362 0 _av. 1- 1971-
550 _aVolumes for 1971-73 published by the Instituto Pontificio de Teología with the Caja de Ahorros y Monte de Piedad de Torrente; 1974- by the Facultad de Teología with the Caja de Ahorros y Monte de Piedad de Torrente.
650 0 _aTheology.
650 2 _aTheology
650 6 _aThéologie
_vCollections.
650 6 _aThéologie.
650 7 _atheology.
_2aat
650 7 _aTheology.
_2fast
_0(OCoLC)fst01149559
710 2 _aCaja General de Ahorros y Monte de Piedad de Torrente.
710 2 _aInstituto Pontificio de Teología.
710 2 _aFacultad de Teología de San Vicente Ferrer.
906 _a7
_bcbc
_cserials
_du
_encip
_f19
_gn-oclcserc
249 0 _iACQUIRE Title:
_aEscritos del Vedat.
590 _aSERBIB/SERLOC merged record
592 _aACQN: aq 94014407
592 _aTitle update FRO Dominicos
890 _aEscritos del Vedat. (Instituto Pontificio de Teología, PP. Dominicos) Torrente. 1971- .
_i73-641734
920 _aKeep 1
991 _bc-GenColl
_hBR45
_i.E86
_wSERIALS
991 _bc-Ser
_wACQUIRE
992 _bEMPTY
_wACQUIRE
992 _bB/L
_wSERLOC
999 _c1624
_d1624